La insoportable levedad del ser

Saved in:
Bibliografiske detaljer
Hovedforfatter: Kundera, Milan (autor)
Format: Bog
Sprog:spansk
Udgivet: Barcelona Tusquets Editores 1986
Udgivelse:8a. ed
Serier:Colección Andanzas, 25
Fag:
Tags: Tilføj Tag
Ingen Tags, Vær først til at tagge denne postø!

MARC

LEADER 00000cam a2200000 a 4500
001 UCE9778
003 CL-VaPUC
008 151106e19860000sp |||||||||||||||||spa|d
020 |a 8472232255 
082 0 4 |a 891.86  |b KUN  |2 21 
100 |a Kundera, Milan  |e autor  |9 582710 
245 1 3 |a La insoportable levedad del ser 
250 |a 8a. ed 
300 |a 320 p 
942 |c BK 
945 |d 20151106 14:16:00  |a dcastane 
260 |a Barcelona  |b Tusquets Editores  |c 1986 
650 7 |a NOVELAS CHECOESLOVACAS  |2 CL-VaPUC  |9 322610 
583 |a last modification  |c 20151106 14:16:00  |k Rodrigo Vera 
490 0 |a Colección Andanzas, 25 
999 |c 361423  |d 361421 
952 |0 0  |1 0  |3 erb  |4 0  |6 891_860000000000000_KUN_1986  |7 0  |8 A  |9 471934  |a BIBEDU  |b BIBEDU  |i 5210534  |l 5  |m 1  |o 891.86 KUN 1986  |p 5210534  |r 2023-08-23  |s 2023-08-10  |w 2019-11-24  |y BK  |z Catalogado en:20151106  |k EDU